00258nam a2200097 a 450000500170000000800410001705000170005824500300007565000090010565000460011420141022142007.0081003s19uu xx 00 eng d aVCDbU1 1996 aUFO : reasons to believe. aVCD. aUFO : reasons to believe. HISTORY-FICTION